| 000 | 00434nam a2200193Ia 4500 | ||
|---|---|---|---|
| 008 | 170918s9999 xx 000 0 und d | ||
| 020 | _a9780439535915 | ||
| 050 | _bM153 2003 | ||
| 100 | _aMack, Tracy | ||
| 245 | _aBirdland / | ||
| 245 | _cTracy Mack. | ||
| 260 | _aNew York : | ||
| 260 | _bScholastic, | ||
| 260 | _c2003 | ||
| 300 | _a198 pages : | ||
| 300 | _bcolored illustration ; | ||
| 300 | _c17cm. | ||
| 500 | _a670 | ||
| 999 |
_c341843 _d341843 |
||